000 01137nam a2200205Ia 4500
003 Ost
005 20260416102359.0
008 260416s9999||||xx |||||||||||||| ||und||
040 _cfsecg
041 _aara
082 _a510
100 _aالمدهون، حسن
_eمؤلف
245 0 _aدروس في مقياس رياضيات 2 :
_bللسنة الاولى جذع مشترك /
_c حسن المدهون
260 _aالجزائر
_bجامعة الجزائر3: كلية العلوم الإقتصادية، العلوم التجارية وعلوم التسيير
_c2022
300 _a103 ورقة
_bايضاحات
_c30 سم
520 _aالبنى الجبرية، بنية الفضاءات الشعاعية، التطبيقات الخطية، المصفوفات، المحددات، حل جملة المعادلات الخطية، القيم الذاتية والأشعة الذاتية ، سلسلة تمارين.
653 _aالرياضيات
710 _aجامعة الجزائر3: كلية العلوم الإقتصادية، العلوم التجارية وعلوم التسيير
_eناشر علمي
942 _cHANDOUT
999 _c41361
_d41361